书目信息 |
| 题名: |
就业英语=ENGLISH FOR EMPLOYMENT:英汉对照
|
|
| 作者: | 陈鑫源 , 江敏 编著 | |
| 分册: | ||
| 出版信息: | 北京 外语教学与研究出版社 1996.12 |
|
| 页数: | 376页 | |
| 开本: | 32开 | |
| 丛书名: | ||
| 单 册: | ||
| 中图分类: | H319.9 | |
| 科图分类: | ||
| 主题词: | 英语 | |
| 电子资源: | ||
| ISBN: | 7-5600-1055-5 | |
| 000 | 00651nam0 2200205 45 | |
| 001 | 0009100979 | |
| 005 | 20000910091301.9 | |
| 010 | @a7-5600-1055-5@d14.90元 | |
| 100 | @a20000910d1996 km y0chiy0120 ea | |
| 101 | 0 | @achi |
| 105 | @a z 000yy | |
| 200 | 1 | @a就业英语=ENGLISH FOR EMPLOYMENT:英汉对照@AJiu Ye Ying Yu=ENGLISH FOR EMPLOYMENT:Ying Han Dui Zhao@f陈鑫源,江敏编著@FChen Xin Yuan,Jiang Min Bian Zhu |
| 210 | @a北京@c外语教学与研究出版社@d1996.12 | |
| 215 | @a376页@d32开 | |
| 606 | 0 | @a英语 |
| 690 | @aH319.9@v3 | |
| 701 | 0 | @a陈鑫源@4编著 |
| 701 | 0 | @a江敏@4编著 |
| 801 | @aCN@bPftUser@c20000910 | |
| 905 | @b133173-177@dH319.9@eCH928@f5 | |
| 就业英语=ENGLISH FOR EMPLOYMENT:英汉对照/陈鑫源,江敏编著.-北京:外语教学与研究出版社,1996.12 |
| 376页;32开 |
| ISBN 7-5600-1055-5:14.90元 |
| ● |
| 相关链接 |
|
|
|
正题名:就业英语=ENGLISH FOR EMPLOYMENT:英汉对照
索取号:H319.9/CH928
 
预约/预借
| 序号 | 登录号 | 条形码 | 馆藏地/架位号 | 状态 | 备注 |
| 1 | 133173 | 201331736 | 语言库209/209语言库 28排2列1层/ [索取号:H319.9/CH928] | 在馆 | |
| 2 | 133174 | 201331745 | 语言库209/209语言库 28排2列1层/ [索取号:H319.9/CH928] | 在馆 | |
| 3 | 133175 | 201331754 | 语言库209/209语言库 28排2列1层/ [索取号:H319.9/CH928] | 在馆 | |
| 4 | 133176 | 201331763 | 语言库209/209语言库 28排2列1层/ [索取号:H319.9/CH928] | 在馆 | |
| 5 | 133177 | 201331772 | 语言库209/209语言库 28排2列1层/ [索取号:H319.9/CH928] | 在馆 |